[Event "Titled Tue 20th Jan 2026"]
[Site "chess.com INT"]
[Date "2026.01.20"]
[Round "7"]
[White "Carlsen, M."]
[Black "So, W."]
[Result "1/2-1/2"]
[WhiteElo "2840"]
[BlackElo "2753"]
[PlyCount "200"]
[EventDate "2026.01.20"]

1. d4 d5 2. c4 e6 3. Nc3 Be7 4. cxd5 exd5 5. Bf4 Nf6 6. e3 O-O 7. Bd3 c5 8. dxc5 Bxc5 9. Nf3 Nc6 10. O-O Bg4 11. h3 Bxf3 12. Qxf3 d4 13. Ne4 Nxe4 ({RR} 13... Be7 14. Rad1 Qa5 15. a3 Nd5 16. Bc4 Nxf4 17. exf4 Qc7 18. Rc1 a5 19. h4 a4 20. h5 Ra5 21. g3 Qd7 22. Kg2 Rd8 23. Bd3 h6 24. Rc2 Kf8 25. Rfc1 Qe6 26. Re2 Qd5 27. g4 Re8 28. Kg3 {Seer2.8.0 (3499)-Ethereal14.35 (3523) tcec-chess.com INT 2024 1-0 (73)}) 14. Bxe4 Qe7 15. Rae1 $146 ({RR} 15. Rfe1 dxe3 16. Bxe3 Bb4 17. Re2 Ne5 18. Qh5 g6 19. Qg5 Rfe8 20. Qxe7 Rxe7 21. Bg5 Rd7 22. Bf6 Nc4 23. g4 Bf8 24. Rc1 Nd6 25. Bg2 Bg7 26. g5 Ne8 27. Be7 h6 28. h4 hxg5 29. hxg5 Bxb2 {Firouzja,A (2762)-Adams,M (2635) London ENG 2025 ½-½ (51)}) ({RR} 15. Rac1 dxe3 16. fxe3 Bb6 17. Bxc6 bxc6 18. Rxc6 Rac8 19. Rfc1 Rxc6 20. Rxc6 h6 21. Kh2 Re8 22. Qg3 Kh7 23. Qf3 Bxe3 24. Rc7 Qf6 25. Bxe3 Qxf3 26. gxf3 Rxe3 27. Rxa7 Re2+ 28. Kg3 Rxb2 29. Rxf7 {½-½ (29) Praggnanandhaa,R (2758)-So,W (2753) Kolkata IND 2026}) ({RR} 15. Rac1 dxe3 16. Bxe3 Bxe3 17. Qxe3 Qf6 18. Bxc6 bxc6 19. Qc3 Qxc3 20. Rxc3 Rab8 21. b3 Rb6 22. Rd1 g6 23. Rd7 Ra6 24. a4 Re8 25. Rf3 Rf8 26. Rc7 f5 27. Rc3 Rf6 28. Kf1 h5 29. Ke2 g5 {Akesson,J (2290)-Patsuk,L (2235) Manhem 1998 1-0 (63)}) 15... dxe3 16. Bxe3 Bxe3 17. Rxe3 Qc5 18. Rc3 Qa5 19. a3 Qb6 20. Bxc6 bxc6 21. b4 a5 22. Rxc6 Qb7 23. bxa5 Rxa5 24. Rfc1 Qa8 25. R1c3 h6 26. g3 Re8 27. Kg2 Ra7 28. h4 Qb7 29. R6c4 Qxf3+ 30. Kxf3 Re6 31. Rc8+ Kh7 32. R8c7 Rf6+ 33. Ke2 Ra5 34. R7c4 Rfa6 35. Rf4 Rxa3 36. Rxa3 Rxa3 37. Rxf7 h5 38. Rf5 g6 39. Rf7+ Kh6 40. Re7 Rb3 41. Re3 Rb4 42. Kf3 Ra4 43. Kg2 Rb4 44. Re7 Ra4 45. Rf7 Rb4 46. Kh3 Ra4 47. f3 Ra3 48. Kg2 Ra2+ 49. Kg1 Ra3 50. Kf2 Rb3 51. Re7 Ra3 52. Re2 Rb3 53. f4 Ra3 54. Re5 Rb3 55. Rg5 Ra3 56. f5 gxf5 57. Rxf5 Kg6 58. Rg5+ Kh6 59. Rb5 Rc3 60. Rb6+ Kg7 61. Re6 Rb3 62. Re3 Rb4 63. Kf3 Kg6 64. Ra3 Rc4 65. Ra6+ Kg7 66. Ra5 Kg6 67. Rg5+ Kh6 68. Re5 Rb4 69. Re6+ Kg7 70. Re4 Rb5 71. Kf4 Kg6 72. Ra4 Rc5 73. Re4 Rf5+ 74. Ke3 Ra5 75. Kf3 Kf5 76. Rf4+ Kg6 77. Kg2 Ra2+ 78. Kh3 Ra3 79. Rb4 Ra2 80. Rb6+ Kg7 81. Rb5 Kg6 82. Rg5+ Kh6 83. Rf5 Rb2 84. Rf1 Kg6 85. Rg1 Kf5 86. Rg2 Rxg2 87. Kxg2 Kg4 88. Kf2 Kf5 89. Kf3 Ke5 90. Ke3 Kf5 91. Ke2 Ke4 92. Kf2 Ke5 93. Ke3 Kf5 94. Kf3 Ke5 95. Kg2 Ke4 96. Kh3 Kf3 97. Kh2 Kf2 98. Kh3 Kf3 99. Kh2 Kf2 100. Kh3 Kf3 1/2-1/2

[Event "2nd 3-0 Thu 22nd Jan 2026"]
[Site "chess.com INT"]
[Date "2026.01.22"]
[Round "9"]
[White "Tabatabaei, M."]
[Black "Nakamura, Hi"]
[Result "0-1"]
[WhiteElo "2700"]
[BlackElo "2810"]
[PlyCount "106"]
[EventDate "2026.01.22"]

1. d4 d5 2. c4 e6 3. Nc3 Be7 4. Nf3 Nf6 5. h3 O-O 6. cxd5 exd5 7. Bf4 Bd6 8. Bxd6 Qxd6 9. e3 c6 ({RR} 9... Bf5 10. g4 Be4 11. Bg2 h6 12. O-O Nbd7 13. Nh4 Bxg2 14. Nf5 Qe6 15. Kxg2 h5 16. Qf3 g6 17. Ng3 h4 18. Nge2 g5 19. Kh1 c6 20. Rae1 Ne4 21. Nxe4 dxe4 22. Qf5 Qxf5 23. gxf5 Kh7 24. f4 {Stefansson,V (2534)-Ragnarsson,D (2391) Gardabaer ISL 2026 ½-½ (36)}) 10. Bd3 Nbd7 $146 ({RR} 10... Re8 11. O-O Nbd7 12. Qc2 Nf8 13. Rab1 Ng6 14. b4 Bd7 15. Rfc1 Rac8 16. Na4 b6 17. Nc3 Qe7 18. Bf5 Be6 19. Bd3 Bd7 20. Qb2 Ne4 21. Ba6 Rcd8 22. b5 Nxc3 23. Qxc3 cxb5 24. Bxb5 Rc8 25. Qb3 {Vantika,A (2377)-Lagno,K (2515) Batumi 2025 ½-½ (46)}) ({RR} 10... Re8 11. O-O Nbd7 12. Qc2 Nf8 13. Rab1 Ng6 14. b4 Bd7 15. Rfc1 Rac8 16. Na4 b6 17. Nc3 Qe7 18. Bf5 Be6 19. Bd3 Bd7 20. Qb2 Ne4 21. Ba6 Rcd8 22. b5 Nxc3 23. Qxc3 cxb5 24. Bxb5 Rc8 25. Qb3 {Vantika,A (2377)-Lagno,K (2515) Batumi GEO 2025 ½-½ (46)}) 11. O-O Ne8 12. Rb1 Qf6 13. b4 a6 14. a4 Nd6 15. Qc2 g6 16. b5 axb5 17. axb5 Re8 18. bxc6 bxc6 19. Ra1 Bb7 20. Na4 Ba6 21. Bxa6 Rxa6 22. Nc5 Rxa1 23. Rxa1 Nxc5 24. Qxc5 Ne4 25. Qc2 c5 26. Ra5 Qb6 27. Ra1 c4 28. Ne5 Rb8 29. Nxc4 Qc6 30. Na3 Qxc2 31. Nxc2 Rb2 32. Ne1 Nxf2 33. Ra5 Nd1 34. Rxd5 Nxe3 35. Re5 Re2 36. Nf3 f6 37. Re4 f5 38. Re5 f4 39. Nh4 Kf7 40. Re4 g5 41. Nf5 Re1+ 42. Kh2 Nf1+ 43. Kg1 Ra1 44. Nd6+ Kf6 45. Ne8+ Kg6 46. Kf2 Ng3 47. Re1 Ra2+ 48. Kf3 h5 49. Rd1 Nf5 50. d5 Ne3 51. Rd3 Kf5 52. Nd6+ Ke5 53. Nc4+ Nxc4 0-1

[Event "88th Tata Steel Masters"]
[Site "Wijk aan Zee NED"]
[Date "2026.01.20"]
[Round "4.5"]
[White "Giri, A."]
[Black "Erigaisi, Arjun"]
[Result "1/2-1/2"]
[WhiteElo "2760"]
[BlackElo "2775"]
[PlyCount "159"]
[EventDate "2026.01.17"]

1. d4 d5 2. c4 e6 3. Nc3 Be7 4. Nf3 Nf6 5. g3 Nbd7 6. Bg2 dxc4 7. Nd2 Nb6 ({RR} 7... e5 8. Nxc4 exd4 9. Qxd4 O-O 10. O-O Nc5 11. Rd1 Qxd4 12. Rxd4 c6 13. Bg5 h6 14. Bf4 Be6 15. Rad1 Rfd8 16. Bd6 Bxd6 17. Nxd6 Rd7 18. b4 Na6 19. a3 Rad8 20. e4 Ne8 21. e5 Kf8 22. f4 {Makovich,A (2217)-Vesga Izeta,M (2302) chess.com INT 2026 0-1 (47)}) 8. Nxc4 c5 $146 ({RR} 8... O-O 9. Ne5 c5 10. dxc5 Qxd1+ 11. Nxd1 Bxc5 12. O-O Nfd5 13. b3 a5 14. a4 Bd6 15. Bb2 f6 16. Nd3 Bd7 17. Nc3 Nxc3 18. Bxc3 Nd5 19. Bd2 Bc6 20. Rfc1 e5 21. Nb2 Bb4 22. Rd1 Nc3 23. Bxc3 {Giri,A (2768)-Caruana,F (2844) Tashkent 2014 ½-½ (34)}) ({RR} 8... O-O 9. Ne5 c5 10. dxc5 Qxd1+ 11. Nxd1 Bxc5 12. Nd3 Be7 13. Nc3 Rd8 14. O-O Nbd5 15. Bd2 b6 16. Nf4 Bb7 17. Nfxd5 Nxd5 18. Nxd5 Bxd5 19. Bc3 f6 20. Rfd1 Bxg2 21. Kxg2 Kf7 22. f4 Rxd1 23. Rxd1 {Fridman,D (2644)-Oparin,G (2644) Saint Louis 2019 ½-½}) 9. Nxb6 axb6 10. dxc5 Qxd1+ 11. Kxd1 Bxc5 12. e3 e5 13. Ke2 Ke7 14. Bd2 Rd8 15. Rhd1 Bg4+ 16. Bf3 h5 17. h4 Bb4 18. Bxg4 hxg4 19. Nb1 Bxd2 20. Nxd2 Rdc8 21. Rdb1 Ke6 22. a4 Rc2 23. Kd3 Rac8 24. e4 R2c6 25. Ke3 Rd6 26. Rc1 Rcd8 27. Rc2 Rd3+ 28. Ke2 R3d4 29. Ke3 Rb4 30. b3 Rdd4 31. Rc4 Rxb3+ 32. Nxb3 Rxc4 33. Nd2 Rb4 34. a5 bxa5 35. Rxa5 g6 36. Ra8 b5 37. Ra6+ Ke7 38. Ra7+ Nd7 39. f3 gxf3 40. Nxf3 f6 41. g4 Kd6 42. Ra6+ Ke7 43. Ra7 Ra4 44. Rb7 Ra5 45. h5 g5 46. h6 Ra8 47. Ng1 Rh8 48. Ne2 Rxh6 49. Ng3 Rh2 50. Rxb5 Rc2 51. Rb3 Nc5 52. Ra3 Rc4 53. Kf3 Ke6 54. Ra7 Rc3+ 55. Kg2 Re3 56. Kf2 Rb3 57. Kg2 Rc3 58. Rh7 Rc4 59. Kf3 Nb3 60. Ke2 Ra4 61. Rb7 Ra2+ 62. Ke3 Ra3 63. Kf2 Nd2 64. Rb6+ Kf7 65. Rb7+ Ke8 66. Rb2 Rd3 67. Ra2 Kd7 68. Rc2 Ke8 69. Rc8+ Ke7 70. Rc2 Kd7 71. Kg2 Nf3 72. Ra2 Nh4+ 73. Kh2 Rd6 74. Nh5 Nf3+ 75. Kg2 Nd2 76. Nxf6+ Rxf6 77. Rxd2+ Ke6 78. Ra2 Rf4 79. Ra6+ Ke7 80. Kg3 1/2-1/2

[Event "TechM GCL 2024"]
[Site "London ENG"]
[Date "2024.10.07"]
[Round "6.2"]
[White "Dardha, Daniel"]
[Black "Nihal, Sarin"]
[Result "0-1"]
[WhiteElo "2604"]
[BlackElo "2668"]
[PlyCount "130"]
[EventDate "2024.10.03"]
[EventType "team"]
[WhiteTeam "Alpine Sg Pipers"]
[BlackTeam "PBG Alaskan Knights"]

1. d4 d5 2. c4 e6 3. Nc3 h6 4. Nf3 Nf6 5. cxd5 exd5 6. Bf4 c6 7. Qc2 g6 8. e3 Bf5 9. Bd3 Bxd3 10. Qxd3 Bg7 11. h4 $146 ({RR} 11. O-O O-O 12. b4 Nbd7 13. Rac1 Re8 14. b5 c5 15. dxc5 Nxc5 16. Qb1 Nfe4 17. Nxe4 Nxe4 18. Qd3 Rc8 19. Nd2 g5 20. Nxe4 Rxc1 21. Rxc1 dxe4 22. Qxd8 Rxd8 23. Bg3 Bb2 24. Rb1 Rd2 25. Bb8 a6 {Molina,R (2376)-Bobadilla Viera,J (2397) Osasco BRA 2024 ½-½ (45)}) ({RR} 11. O-O O-O 12. b4 Nbd7 13. Rac1 Rc8 14. Rfd1 b5 15. a4 a6 16. e4 dxe4 17. Nxe4 Nd5 18. Bd2 Qc7 19. Qb3 Rfe8 20. Re1 Qb8 21. h4 Re6 22. h5 Rce8 23. Ng3 Qd6 24. hxg6 fxg6 25. axb5 axb5 {Cramling,P (2402)-Trost,E (2459) Stockholm SWE 2026 ½-½ (44)}) 11... Nbd7 12. O-O-O O-O 13. Kb1 Re8 14. Ne5 Nxe5 15. Bxe5 Ng4 16. Bg3 h5 17. Rhe1 Nh6 18. f3 Nf5 19. Bf2 Nxh4 20. Rh1 Nf5 21. e4 dxe4 22. fxe4 Nh6 23. Bh4 Qd7 24. Rhf1 Ng4 25. e5 c5 26. dxc5 Qxd3+ 27. Rxd3 Nxe5 28. Rdd1 Rac8 29. Ne4 Re6 30. Rd6 Rxd6 31. cxd6 Nd7 32. Be7 Bf8 33. Ng5 Bxe7 34. dxe7 Re8 35. Rxf7 Ne5 36. Rf4 Rxe7 37. Kc2 Kg7 38. Ra4 Nc6 39. Kd2 Kh6 40. Nf3 g5 41. Ra3 g4 42. Nh4 Kg5 43. g3 a6 44. Rd3 Ne5 45. Rd5 Rd7 46. Rxd7 Nxd7 47. Ng2 Ne5 48. Ke2 Nc4 49. b3 Nd6 50. Ke3 Nf5+ 51. Kf2 a5 52. Ne1 Nd6 53. Nd3 Ne4+ 54. Kg2 Kf5 55. a4 b6 56. b4 axb4 57. Nxb4 Nc5 58. Kf2 Ke4 59. Ke2 Nxa4 60. Nc6 Nc3+ 61. Kd2 Nd5 62. Ke2 b5 63. Na5 b4 64. Nc4 Nc3+ 65. Kd2 Kd4 0-1

[Event "Titled Tue 15th Oct Early"]
[Site "chess.com INT"]
[Date "2024.10.15"]
[Round "11"]
[White "Sarana, A."]
[Black "Nakamura, Hi"]
[Result "1/2-1/2"]
[WhiteElo "2717"]
[BlackElo "2802"]
[PlyCount "190"]
[EventDate "2024.10.15"]

1. d4 d5 2. c4 e6 3. Nc3 a6 4. cxd5 exd5 5. Nf3 c6 6. Bf4 Nf6 7. e3 Be6 8. Bd3 c5 9. dxc5 Bxc5 10. O-O Nc6 11. Rc1 Qe7 $146 ({RR} 11... d4 12. Ne4 Nxe4 13. Bxe4 Bd5 14. exd4 Bxe4 15. Re1 O-O 16. Rxe4 Qd5 17. Qd3 Ba7 18. a3 Rfe8 19. Rce1 Rxe4 20. Qxe4 Qxe4 21. Rxe4 f5 22. Re6 Nxd4 23. Nxd4 Bxd4 24. Re7 Bxb2 25. Rxb7 Bxa3 26. Be5 {Shishkov,A (2340)-Calderon,Z (2027) chess.com INT 2024 0-1 (39)}) 12. Ne5 Nxe5 13. Bxe5 O-O 14. Ne2 Rac8 15. Bd4 Bd6 16. h3 Bb8 17. Nf4 Rxc1 18. Qxc1 Rc8 19. Qb1 h6 20. Rc1 Rd8 21. Qc2 Bd7 22. Qb3 b5 23. Qc3 Be8 24. Qa5 g5 25. Ne2 Qd6 26. Ng3 Ne4 27. Bxe4 dxe4 28. Rc5 f6 29. Qc3 Kf7 30. b4 Qe6 31. Nf5 Kg6 32. g4 Bd7 33. Qc2 Re8 34. f3 h5 35. gxh5+ Kh7 36. fxe4 Qxe4 37. Qxe4 Rxe4 38. Bxf6 g4 39. hxg4 Rxg4+ 40. Kf2 Rxb4 41. Bd4 Be6 42. Ng3 Rc4 43. Ne4 Kh6 44. a3 Rxc5 45. Nxc5 Bc8 46. Kf3 Kxh5 47. Ke4 Kg6 48. Kd5 Bh2 49. Kc6 Kf7 50. Kb6 Bd6 51. Nxa6 Bxa3 52. Kxb5 Ke6 53. Nc5+ Kd5 54. Kb6 Bh3 55. Nb7 Be7 56. Nc5 Bd8+ 57. Kb7 Be7 58. Kb6 Bc8 59. Nb7 Bb4 60. Kc7 Bh3 61. Kb6 Be1 62. Kc7 Bg3+ 63. Kb6 Bh4 64. Kc7 Bg5 65. Kb6 Kc4 66. Kc7 Bh4 67. Kb6 Bg3 68. Kc6 Bg2+ 69. Kb6 Kd5 70. Na5 Bh3 71. Nb7 Bg4 72. Na5 Bh4 73. Nb7 Bg5 74. Kc7 Be2 75. Kb6 Bh4 76. Kc7 Be1 77. Kb6 Kc4 78. Nd6+ Kd3 79. Bc5 Bg3 80. e4 Bd1 81. Kc6 Ba4+ 82. Kd5 Bb3+ 83. Kc6 Ba2 84. Kb6 Be5 85. Kc6 Be6 86. Kb6 Bg7 87. Kc6 Bb3 88. Kd7 Be5 89. Ke7 Bh2 90. Kf6 Bg3 91. e5 Bh4+ 92. Kf5 Be7 93. Ne4 Bd8 94. e6 Bxe6+ 95. Kxe6 Kxe4 1/2-1/2

[Event "Titled Tue 19th Nov Early"]
[Site "chess.com INT"]
[Date "2024.11.19"]
[Round "11"]
[White "Sarana, A."]
[Black "Nakamura, Hi"]
[Result "0-1"]
[WhiteElo "2679"]
[BlackElo "2802"]
[PlyCount "106"]
[EventDate "2024.11.19"]

1. d4 d5 2. c4 e6 3. Nc3 Be7 4. cxd5 exd5 5. Bf4 c6 6. e3 Bf5 7. Bd3 Bxd3 8. Qxd3 Nf6 9. Nf3 Nbd7 10. h3 O-O 11. O-O Re8 12. Rab1 a5 13. a3 ({RR} 13. Ne5 h6 14. Rfe1 Bf8 15. Na4 Nxe5 16. Bxe5 Ne4 17. Nc3 Bb4 18. Re2 Bxc3 19. bxc3 b5 20. f3 Nc5 21. Qf5 Na4 22. Rc1 Qg5 23. Qd3 Nb6 24. Bf4 Qf6 25. Be5 Qe7 26. e4 Nc4 27. Bh2 Qa3 {Sarana,A (2697)-Grischuk,A (2732) chess.com INT 2024 1-0 (75)}) 13... a4 14. Rfc1 ({RR} 14. Qc2 Nb6 15. Ne5 Bd6 16. b3 axb3 17. Qxb3 Ra6 18. a4 Bxe5 19. Bxe5 Nfd7 20. Bd6 Nc4 21. Qxb7 Ra8 22. Bc7 Qc8 23. Rfd1 Nf6 24. Qxc8 Rexc8 25. Rb7 Ne8 26. Bf4 Na5 27. Rb6 Nc4 28. Rb4 h6 {Cramling Bellon,A (2106)-Kaminskii,D (2127) chess.com INT 2026 1-0 (48)}) 14... Nb6 $146 ({RR} 14... Bf8 15. Qd1 Qa5 16. Ne5 Nxe5 17. Bxe5 Nd7 18. Bf4 Re6 19. Ne2 Bd6 20. Bxd6 Rxd6 21. Nf4 b5 22. Nd3 Nb6 23. Nc5 Qa7 24. Rc2 Nc4 25. Ra1 Qe7 26. Qf3 Re8 27. b3 axb3 28. Nxb3 Rf6 29. Qd1 {Teh,W (1857)-Bhakti,K (2404) Caleta 2020 0-1 (37)}) 15. Nd2 Bd6 16. Ne2 Nc8 17. b4 axb3 18. Rxb3 Bxf4 19. Nxf4 Nd6 20. Qc3 Qe7 21. Rcb1 Ra7 22. Nd3 h6 23. Nc5 b5 24. Nd3 Nc4 25. Nb4 Qd6 26. Nc2 Rea8 27. Ra1 Ra4 28. Qd3 Ne8 29. Rc1 Qe6 30. Nb1 Ned6 31. Nc3 R4a7 32. Ra1 f5 33. Ne2 g5 34. Re1 Re7 35. Nb4 Ne4 36. f3 Ned2 37. Rc3 f4 38. exf4 gxf4 39. Nc2 Qf6 40. Kh2 Rae8 41. Kh1 Re6 42. Kh2 Kh8 43. Kh1 Qe7 44. Nxf4 Rxe1+ 45. Nxe1 Qxe1+ 46. Kh2 Nf1+ 47. Kg1 Nfe3+ 48. Kh2 Rg8 49. Ng6+ Kg7 50. Nf4 Nf1+ 51. Kg1 Ng3+ 52. Kh2 Kf6 53. Qh7 Qh1# 0-1

[Event "TCh-ESP Div Honor 2024"]
[Site "Melilla ESP"]
[Date "2024.10.18"]
[Round "7.7"]
[White "Aravindh, Chithambaram VR."]
[Black "Alekseenko, K."]
[Result "1-0"]
[WhiteElo "2698"]
[BlackElo "2679"]
[PlyCount "111"]
[EventDate "2024.10.12"]
[WhiteTeam "C.A. SOLVAY"]
[BlackTeam "C.A. SILLA - INTEGRANT COL·LECTIUS"]

1. d4 {Ramirez Alvarez,Alejandro} d5 2. c4 e6 3. Nc3 Bb4 4. cxd5 exd5 5. Bf4 Nf6 6. Qc2 ({RR} 6. e3 O-O 7. Bd3 c5 8. Nge2 cxd4 9. Nxd4 Nc6 10. O-O Nxd4 11. exd4 Bxc3 12. bxc3 Bg4 13. Qb3 Qd7 14. Rfe1 Rac8 15. Bb5 Qd8 16. Bf1 b6 17. f3 Be6 18. Ba6 Rc6 19. Bb5 Rc8 20. Qa3 Bd7 {Wang,Y (2706)-Hou,Y (2617) Xinghua 2013 CBM 154 [Ramirez Alvarez,Alejandro] 1-0 (82)}) 6... Nc6 ({RR} 6... O-O 7. e3 Ne4 8. Bd3 Bf5 9. Nge2 Nxc3 10. bxc3 Bxd3 11. Qxd3 Bd6 12. O-O c6 13. a4 Qc7 14. Bxd6 Qxd6 15. a5 a6 16. f3 Nd7 17. Rab1 Rab8 18. Rb2 c5 19. c4 dxc4 20. Qxc4 cxd4 21. Nxd4 {Vihaan,D (1135)-Anup Kumar,V (1468) Tornelo INT 2021 0-1 (87)}) 7. e3 Nh5 $146 ({RR} 7... O-O 8. Bd3 Re8 9. Nge2 Bg4 10. O-O Qd7 11. a3 Bxc3 12. Nxc3 Bh5 13. Nb5 Rac8 14. Bf5 Qe7 15. Bxc8 Rxc8 16. b4 Bg6 17. Qb3 a6 18. Nc3 Qe6 19. Rad1 Ne4 20. Nxe4 Bxe4 21. f3 Bg6 22. e4 {Tugstumur,Y (2058)-Zhang,Y (1100) Harbin 2018 1-0 (32)}) 8. Bg3 Qe7 9. Bb5 Bd7 10. Nf3 Bxc3+ 11. Qxc3 O-O-O 12. O-O Nxg3 13. hxg3 Kb8 14. Rfc1 f6 15. Nd2 Qb4 16. Be2 Qd6 17. Nb3 b6 18. Bb5 Ne7 19. a4 h5 20. Bxd7 Rxd7 21. a5 h4 22. gxh4 Rxh4 23. g3 Rh6 24. Kg2 Qe6 25. Rh1 Qe4+ 26. f3 Qg6 27. Rxh6 gxh6 28. axb6 cxb6 29. Rc1 h5 30. Qb4 Ka8 31. Qb5 Qf5 32. Qa6 Rb7 33. Qb5 Qe6 34. Kf2 Nf5 35. Rc3 Qg8 36. e4 Qxg3+ 37. Ke2 Ne7 38. Qe8+ Qb8 39. Qxh5 dxe4 40. fxe4 f5 41. Qh1 fxe4 42. Qxe4 Qd8 43. Kd1 a5 44. Rh3 Ka7 45. Nd2 Qd6 46. Rh7 Rd7 47. b3 Kb8 48. Ke2 Ka7 49. Nc4 Qb4 50. Ne5 Qb5+ 51. Qd3 Qd5 52. Nxd7 Qg2+ 53. Kd1 Qg4+ 54. Kd2 Qg5+ 55. Qe3 Qg2+ 56. Ke1 1-0

[Event "II Menorca Open 2023"]
[Site "Ciutadella de Menorca ESP"]
[Date "2023.04.15"]
[Round "8.2"]
[White "Fedoseev, Vl3"]
[Black "Harsha, B."]
[Result "1-0"]
[WhiteElo "2674"]
[BlackElo "2608"]
[PlyCount "91"]
[EventDate "2023.04.11"]

1. d4 Nf6 2. c4 e6 3. Nf3 d5 4. Nc3 dxc4 5. e4 Bb4 6. Qc2 b5 7. a4 c6 8. Be2 Bb7 9. O-O a6 10. b3 cxb3 11. Qxb3 Be7 12. Bd3 $146 ({RR} 12. Ba3 O-O 13. e5 Bxa3 14. Qxa3 Nd5 15. Ne4 b4 16. Qc1 a5 17. Nd6 Nc3 18. Re1 Ba6 19. Bd1 Bd3 20. Qe3 Bg6 21. Bb3 Nd7 22. Ng5 h6 23. Nh3 Nb6 24. f4 Nbd5 25. Qf2 Bf5 26. Kh1 Qe7 {Li,C (2665)-Jakovenko,D (2722) Istanbul 2012 0-1 (61)}) ({RR} 12. Rd1 O-O 13. e5 Nd5 14. Nxd5 Qxd5 15. Qc2 c5 16. Bg5 Nc6 17. Bxe7 Nxe7 18. dxc5 Qc6 19. Rd6 Qc7 20. c6 Rac8 21. axb5 axb5 22. Nd4 Ba8 23. Nxb5 Qb6 24. c7 Qb7 25. f3 Nd5 26. Ra7 Qxa7+ {Huang,R (2515)-Shen,F (2321) Xinghua CHN 2026 1-0 (51)}) 12... O-O 13. e5 Nd5 14. Nxd5 cxd5 15. axb5 axb5 16. Rxa8 Bxa8 17. Qxb5 Nc6 18. Qa4 Nb4 19. Be2 Bc6 20. Qb3 Bd7 21. Bd2 Qb8 22. h4 Nc6 23. Qe3 f5 24. exf6 Bxf6 25. Bc3 Re8 26. Qd2 Qd6 27. Ra1 Qf8 28. Bd3 Ra8 29. Re1 h6 30. Bc2 Kh8 31. Qd3 Qg8 32. Bd2 Re8 33. Ra1 Rc8 34. Bb1 Be8 35. g4 e5 36. dxe5 Nxe5 37. Nxe5 Bxe5 38. Ra7 Rb8 39. Bc2 Rc8 40. Be3 Bb5 41. Qf5 Rxc2 42. Qxc2 d4 43. Bxh6 Qb8 44. Re7 d3 45. Qc5 Bh2+ 46. Kg2 1-0

[Event "ch-USA 2024"]
[Site "Saint Louis USA"]
[Date "2024.10.16"]
[Round "5.3"]
[White "Mishra, Abhimanyu"]
[Black "Liang, Awonder"]
[Result "0-1"]
[WhiteElo "2630"]
[BlackElo "2677"]
[PlyCount "86"]
[EventDate "2024.10.11"]

1. d4 d5 2. c4 e6 3. Nc3 dxc4 4. e3 Nf6 5. Bxc4 a6 6. a4 c5 7. Nf3 Nc6 8. O-O Be7 9. d5 exd5 10. Nxd5 O-O 11. Nxe7+ Qxe7 12. b3 Be6 ({RR} 12... Bg4 13. h3 Rad8 14. Qe2 Bxf3 15. Qxf3 Ne5 16. Qe2 Nxc4 17. bxc4 Ne4 18. Qc2 Rd7 19. f3 Ng3 20. Re1 Rfd8 21. e4 Nf5 22. Rb1 h6 23. Qf2 Nd4 24. Be3 Qe6 25. Rec1 Re7 26. Rc3 Qc6 27. Ra3 {Martirosyan,H (2622)-Nihal,S (2620) Chess.com INT 2020 0-1 (42)}) 13. Qc2 $146 ({RR} 13. Bb2 Rfd8 14. Qe2 Na5 15. Ne5 Nxb3 16. Bxb3 Bxb3 17. Qf3 Bd5 18. Qg3 Ne8 19. Rfd1 f6 20. Ng4 Be6 21. h4 Rxd1+ 22. Rxd1 Rd8 23. Rc1 b5 24. axb5 axb5 25. h5 Bxg4 26. Qxg4 h6 27. Qf5 Rd2 {Nivedita V C (2144)-Estrada Nieto,J (2177) chess.com INT 2026 1-0 (37)}) 13... Nb4 14. Qe2 Ne4 15. Bd2 Bg4 16. Rfd1 Qf6 17. h3 Bh5 18. g4 Bg6 19. Be1 Qe7 20. Qb2 Rae8 21. Bc3 Nxc3 22. Qxc3 Be4 23. Nd2 Bc6 24. e4 Rd8 25. Re1 Rd4 26. Bf1 Rfd8 27. Nc4 g6 28. Ne3 Qxe4 29. Bg2 Qf4 30. Bxc6 Rd2 31. Rf1 Nxc6 32. Ng2 Qd6 33. Qg3 Qxg3 34. fxg3 R8d3 35. Rf2 Nd4 36. Rxd2 Rxd2 37. Nf4 Nxb3 38. Re1 Kf8 39. Re5 c4 40. Nd5 Nd4 41. Re3 Ne2+ 42. Kf1 Nxg3+ 43. Rxg3 Rxd5 0-1

[Event "Titled Tue 20th Feb Early"]
[Site "chess.com INT"]
[Date "2024.02.20"]
[Round "8"]
[White "Hakobyan, Aram"]
[Black "Alekseenko, K."]
[Result "1/2-1/2"]
[WhiteElo "2619"]
[BlackElo "2650"]
[PlyCount "162"]
[EventDate "2024.02.20"]

1. d4 d5 2. Nf3 Nf6 3. e3 e6 4. c4 a6 5. cxd5 exd5 6. Nc3 Bd6 7. Bd3 O-O 8. Qc2 Re8 9. O-O Nbd7 10. Bd2 Nf8 11. h3 Ng6 $146 ({RR} 11... c6 12. Rfe1 h6 13. Re2 Bd7 14. Rae1 Rc8 15. e4 dxe4 16. Nxe4 Nxe4 17. Bxe4 Be6 18. Bc3 Nd7 19. Bh7+ Kh8 20. Bf5 Nf8 21. d5 cxd5 22. Qd2 Kg8 23. Qd4 Qf6 24. Qxf6 gxf6 25. Bd3 Nd7 26. Nd4 {Hakobyan,A (2619)-Caruana,F (2804) chess.com INT 2024 0-1 (64)}) 12. Ng5 c6 13. Rae1 Bd7 14. f4 Rc8 15. e4 dxe4 16. Bc4 Nd5 17. f5 Nf8 18. Ngxe4 Bb8 19. Bxd5 cxd5 20. Nc5 Rxe1 21. Bxe1 Qc7 22. g4 Bc6 23. Qg2 b6 24. Nd3 Re8 25. Bd2 Qd8 26. Bf4 Nd7 27. g5 Bxf4 28. Nxf4 b5 29. b4 Nb6 30. g6 fxg6 31. fxg6 h6 32. Nd3 Re6 33. Ne5 Be8 34. Qg4 Rf6 35. Rxf6 Qxf6 36. h4 Nc4 37. Qc8 Nd6 38. Qg4 Nc4 39. Nxd5 Qd6 40. Qc8 Kf8 41. Qf5+ Kg8 42. Nxc4 bxc4 43. h5 c3 44. Qc8 Qg3+ 45. Kf1 Qf3+ 46. Kg1 Kf8 47. Qc5+ Kg8 48. Nxc3 Qg3+ 49. Kf1 Qf3+ 50. Ke1 Qe3+ 51. Kd1 Qf3+ 52. Kc1 Qf1+ 53. Kb2 Qf2+ 54. Ka3 Qe3 55. Qc4+ Kf8 56. Qc5+ Kg8 57. d5 Qe5 58. Kb3 Bd7 59. d6 Be6+ 60. Ka3 Qf4 61. Qc7 Kh8 62. Qd8+ Bg8 63. Qc7 Qe3 64. Ka4 Qe6 65. Ka5 Qe3 66. Qc5 Qe6 67. Kb6 Qe8 68. Nd5 a5 69. Nc7 Qb8+ 70. Kxa5 Qb7 71. b5 Qb8 72. b6 Qb7 73. Nb5 Qb8 74. Na7 Qb7 75. a4 Qb8 76. d7 Qb7 77. Qc6 Qb8 78. Qc7 Qa8 79. Qc6 Qb8 80. Nb5 Qa8+ 81. Na7 Qb8 1/2-1/2

[Event "Titled Tue 15th Oct Late"]
[Site "chess.com INT"]
[Date "2024.10.15"]
[Round "7"]
[White "Andreikin, D."]
[Black "Nakamura, Hi"]
[Result "0-1"]
[WhiteElo "2729"]
[BlackElo "2802"]
[PlyCount "70"]
[EventDate "2024.10.15"]

1. d4 {RR} d5 2. c4 e6 3. Nc3 Be7 4. cxd5 exd5 5. Bf4 c6 6. e3 Bf5 7. Nge2 Nd7 8. Ng3 Bg6 9. Be2 Nb6 10. Nh5 ({RR} 10. Be5 Nf6 11. h4 h6 12. h5 Bh7 13. Bd3 O-O 14. Bxh7+ Kxh7 15. Qc2+ Kh8 16. Nf5 Nc4 17. b3 Nxe5 18. dxe5 Ng4 19. f4 Qd7 20. O-O-O f6 21. e4 fxe5 22. Qe2 Nf6 23. Nh4 exf4 24. Ng6+ Kg8 {Nakamura,H (2758)-Aronian,L (2802) London 2011 CBM 146 [RR] 1-0 (54)}) ({RR} 10. Qb3 Nf6 11. Rc1 O-O 12. h4 h6 13. h5 Bh7 14. O-O Bd6 15. Bxd6 Qxd6 16. a4 Rab8 17. a5 Nbd7 18. Qa4 a6 19. b4 Rfe8 20. Rfd1 Nf8 21. Qb3 Ne6 22. Na4 Ng5 23. Nc5 Nge4 24. Nf1 Ng5 {Bevis,N (1993)-Majeed,H (2135) Wells ENG 2026 ½-½ (85)}) 10... Bxh5 11. Bxh5 Bd6 12. Bg3 Bxg3 $146 ({RR} 12... Qe7 13. Qb3 Nf6 14. Be2 O-O 15. Bh4 Qe6 16. Bxf6 Qxf6 17. O-O Rab8 18. Rad1 Nd7 19. g3 Qe7 20. Rfe1 f5 21. Bd3 Kh8 22. Qc2 g6 23. a3 Nf6 24. Kg2 h5 25. Ne2 h4 26. Ng1 Kg7 27. Nf3 {Chytilek,R (2349)-Talla,V (2447) Czech Republic 2016 ½-½ (31)}) 13. hxg3 Nf6 14. Be2 Qe7 15. Bd3 h5 16. Qb3 g6 17. a4 Nc8 18. a5 Nd6 19. Qb4 Rd8 20. Ne2 Kf8 21. Rc1 a6 22. Ng1 Kg7 23. Nf3 Ng4 24. Rc2 Nxf2 25. Rxf2 Qxe3+ 26. Be2 Qc1+ 27. Bd1 Rhe8+ 28. Ne5 Qe3+ 29. Be2 Qc1+ 30. Bd1 c5 31. Qd2 Qxd2+ 32. Kxd2 Ne4+ 33. Ke1 f6 34. Nxg6 Nxg3+ 35. Re2 Kxg6 0-1

[Event "ch-USA 2024"]
[Site "Saint Louis USA"]
[Date "2024.10.14"]
[Round "4.1"]
[White "So, W."]
[Black "Oparin, G."]
[Result "1/2-1/2"]
[WhiteElo "2751"]
[BlackElo "2662"]
[PlyCount "107"]
[EventDate "2024.10.11"]

1. d4 d5 2. c4 e6 3. Nc3 a6 4. cxd5 exd5 5. Bf4 c5 6. e3 Nc6 7. Nge2 Nf6 8. g3 cxd4 9. Nxd4 Bc5 ({RR} 9... Bg4 10. Qa4 Bd7 11. Bg2 Bc5 12. Nxc6 bxc6 13. O-O O-O 14. Qc2 Ba7 15. Rfd1 Re8 16. e4 d4 17. Ne2 Nh5 18. h3 Nxf4 19. Nxf4 Rb8 20. Nd3 Qc8 21. b4 Bxh3 22. Bxh3 Qxh3 23. Qxc6 Re6 24. Qd5 {Venkatesh,N (2270)-Miller,R (2010) New York USA 2026 ½-½ (54)}) 10. Nxc6 $146 ({RR} 10. Nb3 Ba7 11. Bg2 O-O 12. O-O Be6 13. Bg5 h6 14. Bxf6 Qxf6 15. Nxd5 Bxd5 16. Bxd5 Rad8 17. Qf3 Qg6 18. Bxc6 bxc6 19. Rac1 Rd6 20. Rc4 Rb8 21. Rfc1 c5 22. Kg2 Rf6 23. Rf4 Re6 24. Nxc5 Bxc5 {Shipov,S (2541)-Aarav,D (2359) chess.com INT 2023 1-0 (65)}) 10... bxc6 11. Bg2 O-O 12. O-O Bd6 13. Qa4 Rb8 14. b3 Rb4 15. Qxc6 Rb6 16. Qa8 Bxf4 17. exf4 d4 18. Rad1 Rd6 19. Ne4 Nxe4 20. Qxe4 d3 21. Rd2 Re8 22. Qf3 Bf5 23. h3 g6 24. Qd1 h5 25. g4 hxg4 26. hxg4 Bc8 27. Qf3 Qd7 28. Rfd1 Rd8 29. f5 gxf5 30. Qe3 fxg4 31. Be4 Qe6 32. Rxd3 Rxd3 33. Rxd3 Rxd3 34. Qxd3 Qf6 35. b4 Be6 36. a3 Qf4 37. Qe3 Qxe3 38. fxe3 Bc8 39. a4 Bd7 40. a5 Bc8 41. Bd3 Kf8 42. b5 axb5 43. Bxb5 Ke7 44. a6 Kd6 45. Bf1 Kc7 46. a7 Bb7 47. Bg2 Bxg2 48. Kxg2 Kb7 49. e4 Kxa7 50. Kg3 Kb6 51. Kxg4 Kc5 52. Kg5 Kd4 53. Kf6 Kxe4 54. Kxf7 1/2-1/2